Les chansons de Kendji Girac - Mort subite - Statistiques

Statistiques générales
  • Ce quiz a été pris 815 fois
  • Le résultat moyen est 11 sur 20
Answers on the Grid
Answers color-coded by a green-red scale on the quiz's grid according to % correct below.
Color Gitano
Est-ce que tu m'aimes ?
Andalouse
J'me tire
Conmigo
La même
Elle m’a aimé
Clown
Les yeux de la mama
Cosmo
Tu y yo
Roule
Me quemo
Le coach
Sonrisa
Reine
No me mires más
Bob Marley
Tiago
Jaloux
Habibi
Dieu Merci
Pour oublier
Ma vie
Dans mes bras (feat. Dadju)
TPB
Evidemment
Dernier métro (feat. Gims)
Le feu
L’école de la vie
Desperado
Encore
Elle a tout
 
Statistiques - réponses
Réponse % Correct
Andalouse
88%
Les yeux de la mama
85%
Color Gitano
84%
Conmigo
78%
No me mires más
77%
Elle m’a aimé
73%
Tiago
73%
Me quemo
69%
Pour oublier
58%
Tu y yo
52%
Evidemment
45%
Habibi
44%
Dans mes bras (feat. Dadju)
42%
Dernier métro (feat. Gims)
42%
Le feu
40%
Sonrisa
40%
Desperado
28%
Elle a tout
25%
Encore
23%
L’école de la vie
20%
Aucun quiz correspondant
Distribution des résultats
% des personnes avec chaque résultat
Percentile par nombre de réponses
Votre historique - résultats
Vous n’avez pas pris ce quiz